| 000 | 00000nam 2200000za 4500 |
| 001 | 9.678095 |
| 003 | CaOODSP |
| 005 | 20251103144956 |
| 007 | ta |
| 008 | 150407s2014 onca f000 0 fre d |
| 020 | |a978-0-660-22327-8 |
| 040 | |aCaOODSP|bfre |
| 043 | |an-cn--- |
| 086 | 1 |aJ2-196/2014F |
| 245 | 00|aLignes directrices fédérales sur les pensions alimentaires pour enfants : |bétape par étape. |
| 260 | |a[Ottawa] : |bMinistère de la Justice Canada, |cc2014. |
| 300 | |a86 p. : |bill. ; |c28 cm. |
| 500 | |aTitre pris sur la couv. |
| 500 | |aEn tête du titre: Au service des Canadiens. |
| 500 | |aPublié aussi en anglais sous le titre: The federal child support guidelines : step-by-step. |
| 692 | 07|2gccst|aPension alimentaire |
| 710 | 1 |aCanada. |bMinistère de la justice. |
| 775 | 08|tThe federal child support guidelines : |w(CaOODSP)9.630173 |
| 776 | 0#|tLignes directrices fédérales sur les pensions alimentaires pour enfants |w(CaOODSP)9.677172 |